Dryland rivers : hydrology and geomorphology of semi-arid channels
Αποθηκεύτηκε σε:
| Άλλοι συγγραφείς: | , |
|---|---|
| Μορφή: | Βιβλίο |
| Γλώσσα: | English |
| Δημοσίευση: |
England :
John Wiley and sons,
c2002
|
| Θέματα: | |
| Ετικέτες: |
Προσθήκη ετικέτας
Δεν υπάρχουν, Καταχωρήστε ετικέτα πρώτοι!
|
MARC
| LEADER | 00000nam a2200000 i 4500 | ||
|---|---|---|---|
| 001 | 1/31452 | ||
| 008 | 030129s2002 eng d | ||
| 020 | |a 0-471-49123-3 | ||
| 035 | |l 10069160 | ||
| 040 | |a GR-MY-UA |b gre |e aacr | ||
| 041 | 0 | |a eng | |
| 082 | 0 | |a 551.415091822 | |
| 245 | 1 | 0 | |a Dryland rivers : |b hydrology and geomorphology of semi-arid channels / |c edited by L. J. Bull and M. J. Kirkby |
| 260 | |a England : |b John Wiley and sons, |c c2002 | ||
| 300 | |a x, 388 p.; |b ill., maps; |c 25 cm. | ||
| 504 | |a Includes bibliographical references and index | ||
| 650 | 0 | 0 | |a Arid regions |z Mediterranean Region. |
| 650 | 0 | 0 | |a River channels |z Mediterranean Region. |
| 700 | 1 | |a Bull, L. J. |q (Louise J.) |4 edt | |
| 700 | 1 | |a Kirkby, M. J. |4 edt | |
| 852 | |a INST |b LESVOS |e 20030129 |h 551.415091822 DRY |p 005100024735 |q 005100024735 |t BK |y 0 | ||
| 901 | |a BIBL1-2003-1 | ||
| 909 | |a Λ |b 103081 | ||
| 922 | |a 1ΕΛΗ |b 200212 |c ΕΠΕΑΕΚ2/ΤΠ |d ΠΑΠΑΣΩΤΗΡΙΟΥ & ΕΛΕΥΘΕΡΟΥΔΑΚΗΣ | ||
| 950 | |a 107-2002-10-01 | ||
| 970 | |a ΧΡΙΣΤΟΦΑ |b ΝΙΚΗ |z 2003/02/26 | ||